[Event "South America-ch U20 Girls"]
[Site "Guayaquil"]
[Date "2021.11.06"]
[Round "7"]
[White "Estrada Cantaro, Alexandra Fiore"]
[Black "Pinillo Canon, Silvana"]
[Result "1-0"]
[WhiteElo "1723"]
[BlackElo "1786"]
[PlyCount "61"]
[EventDate "2021.11.02"]
[EventType "swiss"]
[EventRounds "9"]
[EventCountry "ECU"]
[SourceTitle "CBM 205 Extra"]
[Source "ChessBase"]
[SourceDate "2022.01.31"]
[SourceVersion "1"]
[SourceVersionDate "2022.01.31"]
[SourceQuality "1"]

1. e4 e5 2. Nf3 Nc6 3. Bb5 a6 4. Ba4 Nf6 5. d4 b5 6. Bb3 Bd6 7. dxe5 Bxe5 8. Nxe5 Nxe5 9. 0-0 0-0 10. f4 Nc6 11. e5 Ne8 12. Bd5 Qe7 13. Be3 Bb7 14. Qf3 Kh8 15. Nd2 Rb8 16. Nb3 Nd8 17. Bxb7 Rxb7 18. Rae1 d6 19. Bd4 Qd7 20. f5 dxe5 21. Bxe5 Qc6 22. Qg4 f6 23. Bd4 Qd5 24. Nc5 Nc6 25. c3 Rb8 26. Nxa6 Ra8 27. Nc5 Rxa2 28. Re2 Ra8 29. Rfe1 b4 30. Ne6 Rg8 31. Nf4 1-0

[Event "South America-ch U20 Girls"]
[Site "Guayaquil"]
[Date "2021.11.03"]
[Round "3"]
[White "Penafiel Mendoza, Josselyne Stefania"]
[Black "Estrada Cantaro, Alexandra Fiore"]
[Result "1-0"]
[WhiteElo "1782"]
[BlackElo "1723"]
[PlyCount "135"]
[EventDate "2021.11.02"]
[EventType "swiss"]
[EventRounds "9"]
[EventCountry "ECU"]
[SourceTitle "CBM 205 Extra"]
[Source "ChessBase"]
[SourceDate "2022.01.31"]
[SourceVersion "1"]
[SourceVersionDate "2022.01.31"]
[SourceQuality "1"]

1. d4 Nf6 2. c4 e6 3. Nf3 Bb4+ 4. Bd2 Qe7 5. g3 0-0 6. Bg2 Nc6 7. 0-0 Bxd2 8. Qxd2 d6 9. Nc3 e5 10. Nd5 Nxd5 11. cxd5 Nxd4 12. Nxd4 exd4 13. Rfe1 Qe5 14. Rac1 Bf5 15. e4 dxe3 16. Rxe3 Qf6 17. Rxc7 Rab8 18. Ree7 Rbc8 19. h3 h5 20. Qe2 g6 21. g4 hxg4 22. hxg4 Bb1 23. Qf3 Qxf3 24. Bxf3 Bxa2 25. Rxb7 Rc5 26. b4 Rc3 27. Rxa7 Rxf3 28. Rxa2 Rd3 29. Rb2 Rb8 30. b5 Rb6 31. Kg2 Rxd5 32. Ra2 Re5 33. Rd7 Re6 34. Raa7 Rf6 35. Rab7 d5 36. Rxb6 Rxb6 37. Rxd5 Kf8 38. f4 Ke7 39. f5 Kf6 40. Kf3 gxf5 41. gxf5 Kg5 42. Ke4 Rb8 43. Kd4 Kf4 44. Kc4 Ke4 45. Rc5 f6 46. Kb4 Kd4 47. Rc6 Ke5 48. b6 Kxf5 49. Kb5 Ke5 50. Ka6 f5 51. Ka7 Rf8 52. b7 Ke4 53. Ka6 Rb8 54. Re6+ Kf3 55. Ka7 Rf8 56. Rf6 Rxf6 57. b8Q Re6 58. Qc8 Re5 59. Qc6+ Re4 60. Kb6 f4 61. Kc5 Ke3 62. Qh6 Ra4 63. Kd5 Re4 64. Qh4 Ra4 65. Qe1+ Kf3 66. Qd1+ Kg2 67. Qxa4 f3 68. Qg4+ 1-0

[Event "FIDE World Uni Blitz-B 1st"]
[Site "Tornelo INT"]
[Date "2021.03.13"]
[Round "6.33"]
[White "Bellissimo, Joseph F"]
[Black "Estrada Cantaro, Alexandra Fiore"]
[Result "1-0"]
[WhiteElo "2203"]
[BlackElo "1723"]
[PlyCount "43"]
[EventDate "2021.03.13"]
[EventType "swiss (blitz)"]
[EventRounds "10"]
[EventCountry "NET"]
[SourceTitle "EXT 2022"]
[Source "ChessBase"]
[SourceDate "2021.10.06"]
[SourceVersion "1"]
[SourceVersionDate "2021.10.06"]
[SourceQuality "1"]

1. e4 c5 2. Nf3 d6 3. d4 cxd4 4. Qxd4 Nc6 5. Bb5 Bd7 6. Bxc6 Bxc6 7. Nc3 Nf6 8. Bg5 h6 9. Bxf6 exf6 10. 0-0-0 Be7 11. Qd2 Rc8 12. Nd4 0-0 13. Nf5 Re8 14. Rhe1 Qa5 15. Kb1 Qb6 16. Re3 Bf8 17. Rg3 Kh7 18. f3 Bd7 19. Nd5 Qc5 20. Qxh6+ gxh6 21. Nxf6+ Kh8 22. Rg8# 1-0

[Event "Pan American-ch U18 Girls"]
[Site "Guayaquil"]
[Date "2019.07.22"]
[Round "2"]
[White "Estrada Cantaro, Alexandra Fiore"]
[Black "Ortiz Verdesoto, Anahi Eduarda"]
[Result "0-1"]
[WhiteElo "1711"]
[BlackElo "2030"]
[PlyCount "77"]
[EventDate "2019.07.21"]
[EventType "swiss"]
[EventRounds "9"]
[EventCountry "ECU"]
[SourceTitle "EXT 2020"]
[Source "ChessBase"]
[SourceDate "2019.10.17"]
[SourceVersion "1"]
[SourceVersionDate "2019.10.17"]
[SourceQuality "1"]

1. e4 e5 2. Nf3 Nc6 3. Bb5 a6 4. Ba4 Nf6 5. 0-0 Be7 6. Bxc6 dxc6 7. Nxe5 Nxe4 8. d3 Nf6 9. Nc3 0-0 10. h3 h6 11. Qf3 Be6 12. Bf4 Ne8 13. Rfe1 Nd6 14. Ng4 Nf5 15. Ne3 Nd4 16. Qg3 Bh4 17. Qh2 Rc8 18. Be5 Bf6 19. Qf4 Bxe5 20. Qxe5 Bxh3 21. Ne4 Be6 22. c3 Nb5 23. Nc5 Re8 24. Nxb7 Qxd3 25. Nc5 Qg6 26. Qf4 Nd6 27. Nxa6 Bxa2 28. Nb4 Be6 29. Nxc6 Qh5 30. Nd4 Bd7 31. Nf3 Bc6 32. Ng4 Be4 33. Nge5 f6 34. Ng4 Qf7 35. Nd4 h5 36. Nh2 Qd5 37. Nhf3 Rcd8 38. Ne2 Bd3 39. Ng3 0-1

[Event "Lima-ch U16 Damas A"]
[Site "Lima"]
[Date "2017.01.13"]
[Round "3.1"]
[White "Hilario Huaranca, Aleyla Karen"]
[Black "Estrada Cantaro, Alexandra Fiore"]
[Result "1-0"]
[WhiteElo "1837"]
[BlackElo "1714"]
[PlyCount "51"]
[EventDate "2017.01.12"]
[EventType "swiss"]
[EventRounds "7"]
[EventCountry "PER"]
[SourceTitle "EXT 2024"]
[Source "ChessBase"]
[SourceDate "2023.10.10"]
[SourceVersion "1"]
[SourceVersionDate "2023.10.10"]
[SourceQuality "1"]

1. d4 Nf6 2. Nf3 g6 3. g3 Bg7 4. c4 0-0 5. Bg2 d5 6. cxd5 Nxd5 7. 0-0 c6 8. e4 Nb6 9. h3 Na6 10. Nc3 Be6 11. Re1 Nc7 12. b3 Qc8 13. Kh2 Rd8 14. Be3 Qd7 15. Qe2 Qe8 16. Rac1 Rac8 17. Red1 h6 18. Ne5 f6 19. Nc4 Bxc4 20. bxc4 Qf7 21. d5 cxd5 22. exd5 Na6 23. Nb5 Ra8 24. d6 Rdb8 25. Bxb6 axb6 26. Bd5 1-0

[Event "South-America-chT U14 22th"]
[Site "Medellin"]
[Date "2016.12.13"]
[Round "2.4"]
[White "Estrada Cantaro, Alexandra Fiore"]
[Black "Malan, Lucia"]
[Result "0-1"]
[WhiteElo "1680"]
[BlackElo "1478"]
[PlyCount "46"]
[EventDate "2016.12.12"]
[EventType "team-tourn"]
[EventRounds "9"]
[EventCountry "COL"]
[SourceTitle "EXT 2024"]
[Source "ChessBase"]
[SourceDate "2023.10.10"]
[SourceVersion "1"]
[SourceVersionDate "2023.10.10"]
[SourceQuality "1"]
[WhiteTeam "Peru"]
[BlackTeam "Uruguay"]
[WhiteTeamCountry "PER"]
[BlackTeamCountry "URU"]

1. e4 c5 2. Nf3 d6 3. d4 cxd4 4. Nxd4 Nf6 5. Nc3 g6 6. Bg5 Bg7 7. Bb5+ Bd7 8. Qe2 a6 9. Bxd7+ Nbxd7 10. 0-0-0 0-0 11. h4 Rc8 12. h5 Rxc3 13. bxc3 Qa5 14. Qe3 Nb6 15. Kb1 Nc4 16. Qc1 Nxe4 17. Rh3 Nxg5 18. Nb3 Qa3 19. Rhd3 Ne4 20. Qxa3 Nxa3+ 21. Kb2 Nc4+ 22. Kc1 Nxf2 23. hxg6 fxg6 0-1

[Event "Pan American-ch U14 Girls 27th"]
[Site "Montevideo"]
[Date "2016.07.30"]
[Round "8"]
[White "Qiao, Cindy"]
[Black "Estrada Cantaro, Alexandra Fiore"]
[Result "1-0"]
[WhiteElo "1699"]
[BlackElo "1630"]
[PlyCount "77"]
[EventDate "2016.07.25"]
[EventType "swiss"]
[EventRounds "9"]
[EventCountry "URU"]
[SourceTitle "EXT 2017"]
[Source "ChessBase"]
[SourceDate "2016.10.25"]
[SourceVersion "1"]
[SourceVersionDate "2016.10.25"]
[SourceQuality "1"]

1. e4 c5 2. Nf3 d6 3. d4 cxd4 4. Qxd4 Nc6 5. Bb5 Bd7 6. Qd3 g6 7. Qc3 Nf6 8. Bf4 Bg7 9. Qd3 Nh5 10. Bc1 0-0 11. Bxc6 Bxc6 12. Nc3 Rc8 13. 0-0 Qb6 14. Re1 Rfd8 15. Nd5 Bxd5 16. exd5 Re8 17. c3 Nf6 18. Rd1 a6 19. Ng5 Ng4 20. Qe2 Nf6 21. Ne4 Nxe4 22. Qxe4 Qb5 23. Qc2 Rc5 24. Qe4 Rc4 25. Qf3 a5 26. Qe2 Qc5 27. Be3 Qc7 28. Rd2 a4 29. a3 b5 30. Re1 Qd7 31. Qf3 Be5 32. h3 Bg7 33. Rde2 Bf6 34. Bf4 Rc5 35. Bh6 Be5 36. Bg5 Rc4 37. Qd3 e6 38. dxe6 fxe6 39. Rxe5 1-0

[Event "Pan American-ch U14 Girls 27th"]
[Site "Montevideo"]
[Date "2016.07.28"]
[Round "5"]
[White "Estrada Cantaro, Alexandra Fiore"]
[Black "Cardozo, Camila"]
[Result "1-0"]
[WhiteElo "1630"]
[BlackElo "1409"]
[PlyCount "59"]
[EventDate "2016.07.25"]
[EventType "swiss"]
[EventRounds "9"]
[EventCountry "URU"]
[SourceTitle "EXT 2017"]
[Source "ChessBase"]
[SourceDate "2016.10.25"]
[SourceVersion "1"]
[SourceVersionDate "2016.10.25"]
[SourceQuality "1"]

1. e4 e6 2. d4 d5 3. Nd2 Nf6 4. e5 Nfd7 5. f4 c5 6. c3 Nc6 7. Ndf3 cxd4 8. cxd4 Nb6 9. Nh3 Be7 10. Be2 0-0 11. 0-0 Bd7 12. Bd2 Rc8 13. Rc1 Nb4 14. a3 Nc6 15. Kh1 f6 16. Bd3 Rb8 17. Qe1 Na8 18. Qh4 f5 19. Qe1 b5 20. Nhg5 a6 21. Nxe6 Bxe6 22. Rxc6 Bc8 23. Bb4 Bxb4 24. Qxb4 Rb6 25. Rfc1 a5 26. Qc5 Rxc6 27. Qxc6 Qb6 28. Qxd5+ Be6 29. Qxb5 Qxb5 30. Bxb5 1-0

[Event "Pan American-ch U14 Girls 27th"]
[Site "Montevideo"]
[Date "2016.07.26"]
[Round "2"]
[White "Bashkansky, Naomi"]
[Black "Estrada Cantaro, Alexandra Fiore"]
[Result "1-0"]
[WhiteElo "1753"]
[BlackElo "1630"]
[PlyCount "77"]
[EventDate "2016.07.25"]
[EventType "swiss"]
[EventRounds "9"]
[EventCountry "URU"]
[SourceTitle "EXT 2017"]
[Source "ChessBase"]
[SourceDate "2016.10.25"]
[SourceVersion "1"]
[SourceVersionDate "2016.10.25"]
[SourceQuality "1"]

1. d4 Nf6 2. c4 g6 3. Nc3 Bg7 4. e4 d6 5. f3 0-0 6. Be3 e5 7. d5 Nbd7 8. Qd2 a5 9. Bh6 Nxe4 10. fxe4 Qh4+ 11. g3 Qxh6 12. Nb5 Qxd2+ 13. Kxd2 Nc5 14. Nxc7 Bh6+ 15. Ke1 Rb8 16. Nb5 Nxe4 17. Bg2 Nc5 18. Nxd6 Nd3+ 19. Ke2 Nxb2 20. a4 Bg4+ 21. Bf3 Bxf3+ 22. Nxf3 Bg7 23. Ng5 h6 24. Nge4 Rfd8 25. Ra2 f5 26. Rxb2 fxe4 27. Rxb7 Bf8 28. Rxb8 Rxb8 29. Nb5 Bc5 30. Rf1 Kg7 31. d6 Rd8 32. Nc7 Rxd6 33. Ne8+ Kg8 34. Nxd6 Bxd6 35. Rf6 Bc5 36. Rxg6+ Kh7 37. Ra6 Bb4 38. Ke3 Kg7 39. Kxe4 1-0

[Event "Pan American-ch U14 Girls 27th"]
[Site "Montevideo"]
[Date "2016.07.25"]
[Round "1"]
[White "Estrada Cantaro, Alexandra Fiore"]
[Black "Munoz, Clara Belen"]
[Result "1-0"]
[WhiteElo "1630"]
[BlackElo "1449"]
[PlyCount "91"]
[EventDate "2016.07.25"]
[EventType "swiss"]
[EventRounds "9"]
[EventCountry "URU"]
[SourceTitle "EXT 2017"]
[Source "ChessBase"]
[SourceDate "2016.10.25"]
[SourceVersion "1"]
[SourceVersionDate "2016.10.25"]
[SourceQuality "1"]

1. e4 e5 2. Nf3 Nc6 3. Bb5 a6 4. Ba4 Nf6 5. 0-0 Nxe4 6. Re1 b5 7. Bb3 d5 8. d3 Nc5 9. Nxe5 Nxe5 10. Rxe5+ Be7 11. Bxd5 Nd7 12. Rxe7+ Qxe7 13. Bxa8 0-0 14. Be3 Qf6 15. Be4 Qxb2 16. Nd2 f5 17. Bd5+ Kh8 18. Nf3 h6 19. Bb3 Qf6 20. Bd4 Qd6 21. Qe2 Bb7 22. Bb2 a5 23. a4 b4 24. Re1 Qg6 25. Nh4 Qc6 26. Qe7 Rf6 27. Bxf6 Qxf6 28. Qxf6 Nxf6 29. Nxf5 Kh7 30. Re7 Nh5 31. Rxc7 Ba8 32. g4 Kg6 33. Bf7+ Kg5 34. Bxh5 g6 35. Rg7 Kf6 36. Rxg6+ Ke5 37. d4+ Kf4 38. Ne3 Be4 39. Rf6+ Kg5 40. Rf8 Bxc2 41. f4+ Kh4 42. Nf5+ Kh3 43. Rf6 Be4 44. Ne3 Bf3 45. Rxh6 Bxg4 46. Bxg4# 1-0

[Event "American Continental (Women) 09th"]
[Site "Lima"]
[Date "2016.02.23"]
[Round "4"]
[White "Pescoran Machaca, Mariabelen Isabel"]
[Black "Estrada Cantaro, Alexandra Fiore"]
[Result "0-1"]
[WhiteElo "1299"]
[BlackElo "1635"]
[PlyCount "80"]
[EventDate "2016.02.20"]
[EventType "swiss"]
[EventRounds "9"]
[EventCountry "PER"]
[SourceTitle "CBM 171 Extra"]
[Source "ChessBase"]
[SourceDate "2016.04.26"]
[SourceVersion "1"]
[SourceVersionDate "2016.04.26"]
[SourceQuality "1"]

1. c4 Nf6 2. d4 g6 3. Nc3 Bg7 4. e4 d6 5. Be2 0-0 6. f4 Na6 7. Nf3 c5 8. d5 e6 9. 0-0 exd5 10. exd5 Re8 11. Bd3 Ng4 12. Re1 Rxe1+ 13. Qxe1 f5 14. a3 Bd7 15. h3 Nf6 16. Bd2 Qf8 17. Qf2 Nc7 18. Re1 a6 19. Qf1 Rb8 20. a4 b6 21. Rb1 a5 22. b3 Na6 23. Re1 Nb4 24. Bb1 Nh5 25. Rc1 Re8 26. Ne2 Nf6 27. Nc3 Ne4 28. Qd1 Nxd2 29. Qxd2 Qf6 30. Bd3 Qf7 31. Bf1 Na6 32. Re1 Nc7 33. Ne2 Re7 34. Ng3 Ne8 35. Rxe7 Qxe7 36. Bd3 Nf6 37. Qe1 Qf8 38. Nd2 Nh5 39. Ne2 Qe7 40. Nf3 Qe3+ 0-1

[Event "PER-ch U14 Girls"]
[Site "Lima"]
[Date "2016.02.03"]
[Round "2.3"]
[White "Nieto, Claudia"]
[Black "Estrada Cantaro, Alexandra Fiore"]
[Result "1/2-1/2"]
[WhiteElo "1423"]
[BlackElo "1635"]
[PlyCount "52"]
[EventDate "2016.02.02"]
[EventType "swiss"]
[EventRounds "9"]
[EventCountry "PER"]
[SourceTitle "EXT 2024"]
[Source "ChessBase"]
[SourceDate "2023.10.10"]
[SourceVersion "1"]
[SourceVersionDate "2023.10.10"]
[SourceQuality "1"]

1. e4 c5 2. Nf3 d6 3. d4 cxd4 4. Nxd4 Nf6 5. Nc3 g6 6. Be2 Bg7 7. Be3 Nc6 8. 0-0 0-0 9. f4 Qb6 10. Qd2 Nxe4 11. Nxc6 Qxc6 12. Nxe4 Qxe4 13. Bf3 Qc4 14. c3 Qc7 15. Rfe1 Bd7 16. Bd4 Bc6 17. Bxg7 Kxg7 18. Qe3 Rfe8 19. Re2 Bxf3 20. Qxf3 Qb6+ 21. Rf2 Rf8 22. f5 d5 23. Qxd5 Rad8 24. Qe5+ Kg8 25. Qf4 Rd6 26. fxg6 Rxg6 1/2-1/2

[Event "Pan American-ch U12 Girls 24th"]
[Site "Pocos de Caldas"]
[Date "2013.07.30"]
[Round "8.6"]
[White "Estrada Cantaro, Alexandra Fiore"]
[Black "Suito Nakasone, Catherine"]
[Result "1-0"]
[WhiteElo "1700"]
[BlackElo "1516"]
[PlyCount "71"]
[EventDate "2013.07.25"]
[EventType "swiss"]
[EventRounds "9"]
[EventCountry "BRA"]
[SourceTitle "EXT 2022"]
[Source "ChessBase"]
[SourceDate "2021.10.06"]
[SourceVersion "1"]
[SourceVersionDate "2021.10.06"]
[SourceQuality "1"]

1. e4 c5 2. Nf3 Nc6 3. d4 cxd4 4. Nxd4 Nf6 5. Nc3 e5 6. Ndb5 d6 7. Bg5 a6 8. Na3 b5 9. Nd5 Be7 10. Bxf6 Bxf6 11. c3 Bg5 12. Nc2 0-0 13. Be2 Bh6 14. 0-0 g6 15. Nce3 Bg7 16. a4 bxa4 17. Qxa4 Bd7 18. Qc2 a5 19. Rfd1 f5 20. Nc4 Be6 21. exf5 gxf5 22. Qa4 Bd7 23. Ndb6 Nd4 24. Nxd7 Nxe2+ 25. Kf1 Nf4 26. Nxf8 Bxf8 27. Nxe5 Qg5 28. g3 dxe5 29. gxf4 exf4 30. Qc4+ Kh8 31. Qd5 Re8 32. Qg2 Qe7 33. Re1 Qf7 34. Rxe8 Qxe8 35. Rxa5 Qb8 36. Rxf5 1-0

[Event "Pan American-ch U12 Girls 24th"]
[Site "Pocos de Caldas"]
[Date "2013.07.27"]
[Round "3.1"]
[White "Estrada Cantaro, Alexandra Fiore"]
[Black "Dongo, Melanie Dayanna"]
[Result "0-1"]
[WhiteElo "1700"]
[BlackElo "1585"]
[PlyCount "64"]
[EventDate "2013.07.25"]
[EventType "swiss"]
[EventRounds "9"]
[EventCountry "BRA"]
[SourceTitle "EXT 2022"]
[Source "ChessBase"]
[SourceDate "2021.10.06"]
[SourceVersion "1"]
[SourceVersionDate "2021.10.06"]
[SourceQuality "1"]

1. e4 c5 2. Nf3 e6 3. d4 cxd4 4. Nxd4 Nc6 5. c4 Nf6 6. Nxc6 bxc6 7. e5 Qa5+ 8. Nc3 Qxe5+ 9. Be3 Bb4 10. Rc1 Ne4 11. Qc2 Nxc3 12. bxc3 Bc5 13. Qd2 Bxe3 14. fxe3 0-0 15. Bd3 Ba6 16. 0-0 d5 17. Rf3 Bxc4 18. Bb1 f5 19. Rg3 Rad8 20. Qc2 Qd6 21. Qd2 Qc5 22. Qf2 f4 23. Rh3 h6 24. Qc2 Rf6 25. Qh7+ Kf7 26. Kh1 Qa3 27. Qc2 Rb8 28. exf4 Qb2 29. Qd1 Rxf4 30. Qh5+ Ke7 31. Re1 Qxb1 32. Qe5 Rf1+ 0-1

[Event "Tingo Maria UNAS 2nd"]
[Site "Tingo Maria"]
[Date "2013.06.23"]
[Round "6.1"]
[White "Estrada Cantaro, Alexandra Fiore"]
[Black "Bustamante Malpartida, Nayeli Aleydis Rubi"]
[Result "1-0"]
[WhiteElo "1685"]
[BlackElo "1599"]
[PlyCount "61"]
[EventDate "2013.06.21"]
[EventType "swiss"]
[EventRounds "7"]
[EventCountry "PER"]
[SourceTitle "EXT 2024"]
[Source "ChessBase"]
[SourceDate "2023.10.10"]
[SourceVersion "1"]
[SourceVersionDate "2023.10.10"]
[SourceQuality "1"]

1. e4 c5 2. Nf3 d6 3. d4 cxd4 4. Nxd4 Nf6 5. Nc3 g6 6. Bg5 Bg7 7. Bb5+ Bd7 8. Qe2 0-0 9. 0-0-0 Nc6 10. f4 Qa5 11. e5 dxe5 12. fxe5 Nd5 13. Nxd5 Nxd4 14. Nxe7+ Kh8 15. Qd2 Bxb5 16. Qxa5 Bxe5 17. c3 Ne2+ 18. Kb1 a6 19. Rhe1 Bg7 20. Qb6 Rab8 21. Bf6 Nf4 22. Bxg7+ Kxg7 23. Qd4+ f6 24. Qxf4 f5 25. Qe5+ Kh6 26. Re3 Rbd8 27. Rxd8 Rxd8 28. Nxf5+ gxf5 29. Qf6+ Kh5 30. Rh3+ Kg4 31. Qh4# 1-0